000 00837cab a2200193 4500
001 WB2445-20
008 090401t1988 xxu||||| |||| 00| 0 eng d
035 _a(Sirsi) u67727
041 _aeng
245 _aRent review
260 _c1988
350 _a0
490 _aEGCS
_v1988 142
520 _aIn The Ritz Hotel (London) Ltd v Ritz Casino Ltd , ChD 27 October 1988, it was held that it must be assumed that the hypothetical lease is for a term of 21 years commencing in 1977 at the same time as the actual lease and that the use of profits is permissible only in the absence of comparable rental values but as no account is to be taken of goodwill this has a consequence to values that an arbitrator must consider.
650 _aGAMING LICENCE
690 _aLANDLORD AND TENANT-CASE LAW
942 _n0
948 _c04/03/1997
999 _c42409
_d42409